书目信息 |
| 题名: |
摄影艺术讲座
|
|
| 作者: | 朱羽君 著 | |
| 分册: | ||
| 出版信息: | 北京 长城出版社 1983 |
|
| 页数: | 176页 | |
| 开本: | 19cm | |
| 丛书名: | ||
| 单 册: | ||
| 中图分类: | J41 , J40 | |
| 科图分类: | ||
| 主题词: | 摄影艺术--艺术理论 , 摄影艺术--讲座 | |
| 电子资源: | ||
| ISBN: | ||
| 000 | 00654nam0 2200253 45 | |
| 001 | 0183003949 | |
| 005 | 20060802102214.09 | |
| 010 | @dCNY0.70 | |
| 091 | @a8269.26 | |
| 100 | @a19950620d1983 em y0chiy0121 ea | |
| 101 | 0 | @achi |
| 102 | @aCN@b110000 | |
| 105 | @af z 000yy | |
| 200 | 10 | @a摄影艺术讲座@Ashe ying yi shu jiang zuo@f朱羽君著 |
| 210 | @a北京@c长城出版社@d1983 | |
| 215 | @a176页@c照片@d19cm | |
| 606 | 0 | @a摄影艺术@x艺术理论 |
| 606 | @a摄影艺术@x讲座 | |
| 690 | @aJ41@v3 | |
| 690 | @aJ40 | |
| 701 | 0 | @a朱羽君@Azhu yu jun@4著 |
| 801 | 2 | @aCN@bNLC@c20060802 |
| 801 | 0 | @aCN@b上海图书馆@c20040521 |
| 905 | @f1@b211858@dJ40@e62 | |
| 摄影艺术讲座/朱羽君著.-北京:长城出版社,1983 |
| 176页:照片;19cm |
| ISBN :CNY0.70 |
| ● |
| 相关链接 |
|
|
|
|
正题名:摄影艺术讲座
索取号:J40/62
 
预约/预借
| 序号 | 登录号 | 条形码 | 馆藏地/架位号 | 状态 | 备注 |
| 1 | 0211850 | 000571777 | 第一样本阅览室/ [索取号:J40/62] | 在馆 | |
| 2 | 0211857 | 000571795 | 第一借阅区/ [索取号:J40/62] | 在馆 | |
| 3 | 0444215 | 204442157 | 密集书库/ [索取号:J40/62] | 在馆 | |
| 4 | 0466926 | 204669260 | 密集书库/ [索取号:J40/62] | 在馆 |